LEADER 00977nam a2200229 i 4500 001 000000130566 003 CaOOAMICUS 005 20041028000000.0 008 041028n it u000 u ita u 013 $a103301 040 $aSeMil$bita 100 1 $aColini, Antonio Maria,$d<1900-1989>.$0(OLS)http://semarc/name/53964 245 10$aStadium Domitiani /$cA.M. Colini ; ricostruzioni architettoniche di I. Gismondi. 260 $aRoma :$bReale Istituto di studi romani,$c[19--]?. 300 $a110 p.,XXV c. di tav. ;$c36 cm. 490 0 $aI monumenti romani ;$v1. 700 1 $aGismondi, Italo,$d<1887-1974>.$0(OLS)http://semarc/name/53965 830 2$aI monumenti romani ;$v1.$0(OLS)http://semarc/title/16404 850 $aSeMil 852 $aSeMil$W1$xVenegono$y1$m5N X 17$j84606$B84606$CSeMilBibl$Z2$F88169 $8I 996 $6245$aStadium Domitiani$9(OLS)http://semarc/title/192254 996 $6260$aRoma :$bReale Istituto di studi romani$9(OLS)http://semarc/publisher/33407 LEADER 01228nam a2200277 i 4500 001 000000104780 003 CaOOAMICUS 005 20011219000000.0 008 011219s2001 it u000 u ita u 013 $a76969 020 $a88-16-40548-1 040 $aSeMil$bita 100 1 $aPanikkar, Raimon,$d<1918-2010>.$0(OLS)http://semarc/name/777 245 12$aL'incontro indispensabile :$bdialogo delle religioni /$cRaimon Panikkar ; prefazione di Pierre-François de Béthune. 260 $aMilano :$bJaca Book,$c2001. 300 $a75 p. ;$c23 cm. 490 0 $aDi fronte e attraverso ;$v548. 650 4$aReligioni - Enciclopedie e dizionari.$0(OLS)http://semarc/subject/265 700 1 $aBéthune, Pierre-François : de.$0(OLS)http://semarc/name/44250 830 0$aDi fronte e attraverso ;$v548.$0(OLS)http://semarc/title/6486 850 $aSeMil 852 $aSeMil$W1$xVenegono$y1$m2R V 319$j61080$B61080$CSeMilBibl$Z2$F70436 $81 961 $aRecupero: Seminario di Seveso 996 $6020$a88-16-40548-1$9(OLS)http://semarc/number/84700 996 $6245$aL'incontro indispensabile :$bdialogo delle religioni$9(OLS)http://semarc/title/151790 996 $6260$aMilano :$bJaca Book$9(OLS)http://semarc/publisher/29781